| 000 | 00393nam a22001697a 4500 | ||
|---|---|---|---|
| 005 | 20160628145207.0 | ||
| 008 | 160628b xxu||||| |||| 00| 0 eng d | ||
| 020 | _a978-81-203-3572-1 | ||
| 041 | _aeng | ||
| 082 | _b10933 | ||
| 100 |
_aHayward, Cynthia _93089 |
||
| 245 | _aHealth care facility planning | ||
| 260 |
_bPHI _c2008 |
||
| 300 | _a213 | ||
| 650 |
_aManagement _9241 |
||
| 942 | _cBK | ||
| 999 |
_c4484 _d4483 |
||